000 00834nam a2200229 i 4500
001 184315
003 ES-MaACL
005 20231119154829.0
008 150617s2012 sp |||| | spa d
080 _a348.9(460=411.21):297
100 1 _aAngulo Martín, Antonio.
_9157060
245 1 4 _aLos jueces de Al Andalus /
_cAntonio Angulo Martín.
250 _aEd. no venal.
260 _aGranada :
_bReal Academia de Jurisprudencia y Legislación,
_c2012.
300 _a79 p. ;
_c21 cm.
504 _aBibliografía: p. 77-78.
650 0 4 _aDerecho musulmán-
_zAl-Andalus.
_9157061
710 2 _aReal Academia de Jurisprudencia y Legislación de Granada.
_9157063
852 _aES-MaACL
_jA-13562
_9191311
_bR.150810
_cDEPO1
_dOlim: N-6562
_hDonación: Real Academia Española
942 _2udc
_cMONOGRAFIA
999 _c184315
_d184315